000 00331nam a22001457a 4500
008 210527b ||||| |||| 00| 0 eng d
020 _a2900521705195
041 _aeng
080 _23rd
_a316
082 _a316
100 _a50
101 _aSOC
245 _aAn Introduction to Japanese Society
_cSugimoto,Y
942 _2udc
_cBK
999 _c57684
_d57684